[Event "Charity Cup MCCT Prel 2022"]
[Site "Online"]
[Date "2022.03.15"]
[Round "6.2"]
[White "Ju, Wenjun"]
[Black "Jones, Gawain C B"]
[Result "0-1"]
[WhiteElo "2560"]
[BlackElo "2671"]
[Annotator "TA"]
[PlyCount "124"]
[EventDate "2022.03.18"]
[EventType "tourn"]
[EventCountry "NET"]
[SourceTitle "playchess.com"]
[Source "ChessBase"]
[SourceQuality "1"]

{[%evp 18,124,39,44,81,81,81,85,81,83,85,71,83,83,81,81,84,87,112,101,140,71,116,116,124,121,125,96,123,120,124,124,125,7,16,0,0,0,0,0,0,0,0,-172,-176,-231,-231,-217,-207,-206,-208,-386,-369,-380,-375,-357,-359,-382,-376,-404,-417,-394,-402,-387,-366,-408,-397,-456,-464,-563,-552,-675,-672,-670,-632,-740,-718,-825,-827,-814,-819,-724,-795,-679,-776,-1106,-1066,-890,-912,-1230,-1257,-1216,-1290,-1293,-1201,-1358,-1123,-1456,-1036,-1378,-1175,-12839,-12839,-12843,-12844,-12844,-12845,-12845,-12842]} 1. d4 Nf6 2. c4 g6 3. Nc3 Bg7 4. e4 d6 5. h3 O-O 6. Be3 Nbd7 7. Nf3 e5 8. d5 Nc5 9. Nd2 a5 10. Be2 (10. g4 {is interesting.} c6 11. Be2 a4 12. a3 cxd5 13. cxd5 Bd7 14. h4) 10... a4 $5 {[%mdl 4] 10...Bd7 is the modern continuation. Exploring less charted territory. E92: King's Indian: Classical: 6 Be2 e5: 7 dxe5, 7 Be3 and Petrosian System without 7...Nbd7.} 11. Bxc5 dxc5 12. Nxa4 b6 {White is better.} 13. Nc3 Ne8 {[#]} 14. Qc2 $146 ({Predecessor:} 14. Bd3 Qg5 15. g3 f5 16. exf5 gxf5 17. h4 Qe7 18. Qe2 e4 19. Bc2 Nd6 20. Kf1 {0-1 (50) Albertelli,C (1862)-Wong,S (1655) London 2016}) 14... f5 15. O-O-O Nd6 16. Kb1 Bh6 17. Bd3 Bxd2 18. Rxd2 ({Don't play} 18. Qxd2 fxe4 19. Nxe4 Bf5 $14) 18... Qg5 19. g3 (19. f3 $142) 19... f4 ({Black should play} 19... fxe4 20. Nxe4 Qh6) 20. g4 $1 $16 f3 21. Rdd1 Bd7 22. Qc1 Qh4 23. Qe3 Rf4 24. Rdg1 Nf7 25. Rg3 (25. a3 $16) 25... Bxg4 $1 $11 26. Nb5 Rc8 27. Na7 Rf8 28. Nb5 Rc8 29. Na7 Re8 30. Nc6 $2 {Black converts the advantage convincingly.} (30. Nb5 $11) 30... Bd7 $19 31. Rxf3 (31. Na7 $142) 31... Ng5 {[%csl LRe4,LRf3]} 32. Nxe5 ({Much worse is} 32. Rxf4 exf4 33. Qd2 Nxe4 34. Bxe4 Rxe4) 32... Nxf3 33. Nxf3 Qf6 34. e5 $2 {[#]} (34. Nd2 {was necessary.}) 34... Bf5 $1 {[%mdl 512] aiming for ...Bxd3+.} 35. Rd1 Bxd3+ 36. Rxd3 Qf5 {[%cal Ob6b5]} 37. b3 Rf8 {[%cal Rf4f3]} 38. Nd2 {[#]} Rd4 $1 39. Kc2 Rxd3 40. Qxd3 Qxe5 {[%mdl 4096] Endgame KQR-KQN} 41. f3 Qh2 42. Qe3 Qxh3 {Black is clearly winning.} 43. a3 Qf5+ 44. Kc3 Kg7 45. b4 Qf4 46. Qe7+ Rf7 47. Qe2 Qd4+ 48. Kc2 cxb4 49. axb4 b5 50. cxb5 Qxd5 51. Kc3 Rd7 52. Nb3 Qd6 53. Nc5 Re7 54. Ne4 Qe5+ 55. Kb3 Qd5+ 56. Kc3 h5 {Strongly threatening ...h4.} 57. Qf1 Re5 58. Qh3 Qxb5 59. Qc8 Qc6+ 60. Kb2 Re8 61. Qh3 Rb8 62. Kb3 Qb5 {Weighted Error Value: White=0.72/Black=0.13 (very precise)} 0-1

[Event "Charity Cup MCCT Prel 2022"]
[Site "Online"]
[Date "2022.03.15"]
[Round "6.3"]
[White "Vidit, Santosh Gujrathi"]
[Black "Anton Guijarro, David"]
[Result "0-1"]
[WhiteElo "2727"]
[BlackElo "2691"]
[Annotator "TA"]
[PlyCount "84"]
[EventDate "2022.03.18"]
[EventType "tourn"]
[EventCountry "NET"]
[SourceTitle "playchess.com"]
[Source "ChessBase"]
[SourceQuality "1"]

{[%evp 12,84,21,0,0,-13,0,0,0,12,4,16,15,0,0,0,0,0,0,0,67,60,70,37,38,11,24,12,41,45,35,44,50,12,19,13,6,-7,35,0,8,0,13,15,6,4,62,0,8,-33,0,0,4,0,101,-12,93,-314,-245,-282,-278,-643,-637,-620,-602,-774,-763,-954,-949,-1094,-861,-876,-833,-1155,-1056]} 1. d4 d5 2. c4 e6 3. Nf3 dxc4 4. e3 Nf6 5. Bxc4 a6 6. O-O c5 7. e4 b5 {D27: Queen's Gambit Accepted: Classical main line: 7 e4!? and 7 a4.} 8. Be2 Bb7 9. a4 b4 {The position is equal.} 10. e5 Nd5 11. Nbd2 Be7 {[#]} 12. dxc5 $146 ({Predecessor:} 12. Nc4 O-O 13. h4 Nc6 14. Bg5 Bxg5 15. hxg5 Nxd4 16. Nxd4 cxd4 17. Nd6 Bc6 18. Rc1 {1-0 (28) Vantika,A (2381)-Mirzanurov,B (2199) Chess.com INT 2022}) 12... Nd7 13. Ne4 {aiming for Nd6+.} Nxc5 14. Nxc5 Bxc5 15. a5 Ne7 (15... O-O $11) 16. Qa4+ $14 Qd7 $1 17. Qxd7+ Kxd7 18. Rd1+ Nd5 19. Ng5 f6 20. exf6 gxf6 21. Ne4 {[%csl LRc5,LRf6]} Be7 22. Be3 {Threatening Nc5+.} Rac8 {Prevents Nc5+.} 23. Bd4 {Threatens to win with Nxf6+.} Rhf8 24. Bf3 f5 (24... e5 $11 {was preferrable.} 25. Ng3 exd4 26. Rxd4 Rc5) 25. Ng3 {[%cal Be4g3,Bg3h5,Bh5f4,Bf4d3][%mdl 32]} (25. Nd2 $5 {[%cal Rb2b3]}) 25... Rc2 26. Nh5 Bc5 27. Bxc5 Rxc5 28. Nf4 Rfc8 (28... Ke7 $11) 29. h4 (29. Re1 $14 Rc2 30. Rad1 (30. Nxe6 Re8 $11)) 29... Kd6 30. g3 (30. Re1 $11 {feels stronger.} Nxf4 31. Bxb7) 30... R8c7 (30... e5 $5 {[%cal Re5f4]} 31. Nd3 Rc4 $15) 31. Nd3 Rb5 32. Be2 e5 (32... Rc2 $11 {keeps the balance.} 33. Bf1 Rc7) 33. Rd2 (33. Ra4 $16) 33... b3 {[#]} (33... e4 $1 $11) 34. Ra3 $2 {[%mdl 8192] Now White is beyond hope.} (34. Nxe5 $1 $16 {stays on course.} Kxe5 35. Bxb5 axb5 36. a6) 34... Rc2 $19 35. Rxc2 bxc2 36. Ra1 $2 (36. Kf1) 36... e4 {Black is clearly winning.} 37. Ne1 Rxb2 {[#] White must now prevent ...Rb1.} 38. Bf1 Nb4 39. h5 h6 {[%cal Ob4d3]} ({Stronger than} 39... Rb1 40. Nxc2 Rxa1 41. Nxa1 $17) 40. Kh2 Ke5 {[%cal Oe4e3] Hoping for ...e3!} ({Inferior is} 40... Rb1 41. Nxc2 Rxa1 42. Nxa1 $17) 41. Kg1 Kd4 ({Don't blunder} 41... Rb1 $2 42. Nxc2 Rxa1 43. Nxa1 $19) 42. Rc1 Kc3 {Weighted Error Value: White=0.63/Black=0.28 (precise)} 0-1

[Event "Charity Cup MCCT Prel 2022"]
[Site "Online"]
[Date "2022.03.16"]
[Round "6.4"]
[White "Duda, Jan-Krzysztof"]
[Black "Van Foreest, Jorden"]
[Result "1-0"]
[WhiteElo "2760"]
[BlackElo "2702"]
[Annotator "TA"]
[PlyCount "105"]
[EventDate "2022.03.18"]
[EventType "tourn"]
[EventCountry "NET"]
[SourceTitle "playchess.com"]
[Source "ChessBase"]
[SourceQuality "1"]

{[%evp 9,105,0,0,0,0,-12,0,-4,0,-27,4,0,0,0,25,27,25,1,6,-20,55,55,44,53,54,2,70,72,77,80,115,120,123,110,106,109,113,100,106,97,98,97,236,240,238,145,211,137,258,261,254,258,254,245,233,246,347,341,327,337,342,344,355,369,346,221,208,0,341,335,340,339,322,255,269,200,451,572,497,491,454,416,329,377,349,324,312,316,293,281,1159,1202,1037,1037,942,920,843,809]} 1. c4 c6 2. Nf3 d5 3. g3 g6 4. Qa4 Nf6 5. cxd5 Nxd5 6. Bg2 {A11: English Opening: 1...c6.} Bg7 {Inhibits Qd4.} 7. Nc3 O-O {[#]} 8. h4 $146 {[%cal Bh2h4,Bh4h5][%mdl 32] The position is equal.} ({Predecessor:} 8. O-O Nb6 9. Qh4 e5 10. Qxd8 Rxd8 11. d3 N8d7 12. Bg5 f6 13. Bd2 Nc5 14. Rfd1 Nba4 15. Nxa4 Nxa4 16. b3 {1-0 (47) Artemiev,V (2709)-Gallego Alcaraz,A (2502) Caleta 2019}) 8... Nb6 9. Qf4 Qd6 (9... Re8 {is interesting.} 10. Ne5 f6 11. Ng4 e5 12. Nh6+ Kf8) 10. h5 Qxf4 11. gxf4 Na6 (11... Nd5 $5 {[%cal Rd5f4]}) 12. d3 Nb4 13. Kd1 {To avoid Nc2} Bg4 14. hxg6 hxg6 ({Black should play} 14... fxg6 $11 15. Ne4 Rad8) 15. a3 $36 {[%mdl 2048] White has the initiative.} N4d5 16. Ne5 Be6 {[%cal Og6g5]} 17. Ne4 (17. Kc2 $14) 17... Rad8 (17... Nd7 $11) 18. Nc5 {[%cal Oe5g6] Black must now prevent Nxg6!} Bc8 {[%cal Og6g5]} 19. Bh3 g5 20. Bxc8 Rxc8 21. e4 Nxf4 22. Bxf4 gxf4 {[#]} 23. Kc2 $1 {White is much more active.} Bxe5 24. Rag1+ Bg7 25. Rh2 Nd5 {[#]} 26. Rhg2 $1 $18 Nf6 27. Rxg7+ Kh8 28. R7g5 {Strongly threatening Rh1+.} (28. Nxb7 $6 Rg8 29. R7g5 Rxg5 30. Rxg5 Ne8) 28... Rg8 (28... b6 $16 {is a better defense.}) 29. Rh1+ (29. Nxb7 $6 Rxg5 30. Rxg5 Nd7 $16) 29... Nh7 30. Rgh5 {[%csl Gh1][%cal Rh5h7]} Rg7 31. Nxb7 Kg8 32. Nc5 Rd8 (32... Rg5 $142 33. Rxg5+ Nxg5) 33. e5 Rd5 34. b4 a5 35. Kc3 axb4+ 36. axb4 Rd8 37. Ne4 Rd5 38. Nc5 (38. R1h4 $142) 38... Rd8 $1 39. d4 Ra8 40. Kb3 {To avoid Ra2} f3 41. Ne4 Ra7 42. Ng3 e6 $2 (42... f6 43. Rh6 fxe5 44. dxe5 Nf8 45. Rxc6 Rg5) 43. Ne4 f5 44. exf6 Rg4 45. Re5 Rd7 46. Kc3 ({Much less strong is} 46. Rxe6 Nf8 47. Re7 (47. Rxc6 Rxe4 48. Rg1+ Kh7 $11) 47... Rxd4 $18) 46... Nf8 47. Rg5+ Rxg5 48. Nxg5 {Ra1 is the strong threat. KRN-KRN} Rd5 49. Rg1 ({Don't take} 49. Nxf3 Nd7 50. Re1 Kf7 51. Ne5+ Kxf6 52. Nxc6 Rf5 $18) 49... Ng6 $2 (49... Nd7 50. Nxe6+ Kf7) 50. f7+ {White is clearly winning.} Kf8 51. Nxe6+ Kxf7 {[#]} 52. Rxg6 $1 {[%mdl 512] Threatens to win with Rh6.} Rh5 {Inhibits Rh6.} 53. Rg5 {Weighted Error Value: White=0.21 (precise) /Black=0.26 (precise)} 1-0

[Event "Charity Cup MCCT Prel 2022"]
[Site "Online"]
[Date "2022.03.15"]
[Round "6.5"]
[White "Harikrishna, Pentala"]
[Black "Praggnanandhaa R"]
[Result "1/2-1/2"]
[WhiteElo "2719"]
[BlackElo "2612"]
[Annotator "TA"]
[PlyCount "80"]
[EventDate "2022.03.18"]
[EventType "tourn"]
[EventCountry "NET"]
[SourceTitle "playchess.com"]
[Source "ChessBase"]
[SourceQuality "1"]

{[%evp 14,80,0,-4,0,-13,0,0,0,3,3,-15,-23,-20,-8,-42,17,15,15,6,31,37,40,30,38,62,35,10,9,36,33,0,0,-9,-5,-8,0,-18,0,0,6,-50,-52,-46,-60,-49,-36,-41,-12,-25,-40,-84,-29,-33,-6,-9,-8,-9,0,-8,0,0,0,0,0,0,0,0,0]} 1. e4 {[%cal Be2e4,Be4e5][%mdl 32]} c5 2. c3 Nf6 3. e5 Nd5 4. Nf3 d6 5. d4 cxd4 6. cxd4 Nc6 7. Bc4 dxe5 8. dxe5 Be6 {[%cal Od5e3] [#] B22: Sicilian: 2 c3.} 9. Nbd2 $146 ({Predecessor:} 9. O-O g6 10. Ng5 Bg7 11. Nxe6 fxe6 12. Nc3 Nxe5 13. Bxd5 exd5 14. Nxd5 e6 15. Qa4+ Kf7 16. Nf4 {½-½ (36) Harika,D (2511)-Shankland,S (2708) Kolkata 2021}) 9... g6 10. Ng5 Bg7 11. Nxe6 fxe6 12. Bb5 Qb6 13. Bxc6+ Qxc6 14. Nf3 O-O (14... O-O-O $1 $15 15. O-O {[#]} Ne3 $1 16. Bxe3 Rxd1 17. Rfxd1 Kb8) 15. O-O $11 Rac8 16. Bd2 Qb6 17. Rb1 Rc6 18. Qa4 Rxf3 19. gxf3 Bxe5 20. Rbc1 Qxb2 21. Rxc6 bxc6 22. Bh6 (22. Bc1 $5 {[%cal Rc1b2]} Qd4 23. Qxc6 $11) 22... Kf7 23. Qe4 {Black must now prevent Re1.} Bd4 24. Bc1 Qc3 (24... Bxf2+ $2 25. Kg2 Qc3 26. Kxf2 $18) 25. Rd1 e5 26. f4 Qh3 27. fxe5 {[#]} (27. Rd3 $11 Qg4+ 28. Kf1) 27... Bxe5 $1 $15 28. Qg2 {[#]} Bxh2+ $1 29. Kf1 $1 Qh5 {[%cal Rh5d1]} 30. Rd3 Bd6 31. Qe4 Ke8 32. Bd2 (32. Ba3 $15 Be5 33. Bc1) 32... Kd7 (32... Qd1+ $17 33. Kg2 Qc2) 33. Qf3 $11 Qxf3 34. Rxf3 $15 {[%mdl 4096] Endgame KRB-KBN. The position is equal.} Ke6 35. Rf8 Bc7 36. Bh6 Be5 37. Rc8 Kd7 38. Rf8 Ke6 39. Rc8 Kd7 40. Rf8 Ke6 {Weighted Error Value: White=0.10 (very precise) /Black=0.11 (very precise)} 1/2-1/2

[Event "Charity Cup MCCT Prel 2022"]
[Site "Online"]
[Date "2022.03.15"]
[Round "6.6"]
[White "Hansen, Eric"]
[Black "Lei, Tingjie"]
[Result "1-0"]
[WhiteElo "2606"]
[BlackElo "2535"]
[Annotator "TA"]
[PlyCount "101"]
[EventDate "2022.03.18"]
[EventType "tourn"]
[EventCountry "NET"]
[SourceTitle "playchess.com"]
[Source "ChessBase"]
[SourceQuality "1"]

{[%evp 11,101,24,20,-8,4,-2,8,5,15,16,12,18,28,20,23,25,25,16,20,16,8,10,12,0,18,0,11,5,17,18,25,15,8,10,24,0,23,4,33,31,36,36,64,43,47,26,27,20,79,75,66,75,125,60,120,115,121,119,120,120,100,107,144,127,281,187,311,318,319,318,299,277,372,361,516,460,496,490,501,445,472,457,451,451,563,539,700,680,712,662,628,632]} 1. e4 e5 2. Nf3 Nc6 3. Bb5 a6 4. Ba4 Nf6 5. d3 Bc5 6. Bxc6 dxc6 7. Nc3 {C77: Ruy Lopez: 3...a6 4 Ba4 Nf6, unusual lines.} Nd7 8. Be3 Bd6 9. O-O {The position is equal.} O-O 10. Nd2 {[#]} Qe7 $146 ({Predecessor:} 10... Nc5 11. Ne2 Ne6 12. a4 b6 13. Nc4 c5 14. Qe1 f6 15. a5 b5 16. Nxd6 cxd6 {0-1 (51) Alekseenko,K (2702)-Tabatabaei,M (2623) Chess.com INT 2022}) 11. Nc4 Re8 12. Qd2 Nf8 13. Nxd6 cxd6 14. f4 exf4 15. Bxf4 Ng6 16. Bg3 Be6 17. Rae1 Rad8 18. Qf2 Qg5 19. a3 h6 20. h3 Rf8 21. Qe3 (21. b4 {is interesting.} f5 22. exf5 Rxf5 23. Qb6 Rxf1+ 24. Rxf1 Rf8 25. Rxf8+ Nxf8 26. Ne4) 21... Qxe3+ 22. Rxe3 Rfe8 23. Rfe1 Ne7 24. b4 Kf8 25. a4 Rd7 26. a5 Nc8 27. Na4 f6 {Inhibits e5.} 28. c4 Bf7 29. Kf2 Rde7 (29... Kg8 $11 {remains equal.}) 30. c5 $1 $16 dxc5 31. Nxc5 Rd8 {[#]} (31... Bg6 $142) 32. Rb1 {White is much more active.} (32. e5 $1 $16) 32... Na7 {[#]} ({Black should try} 32... Bg6 $14) 33. e5 $1 fxe5 34. Rxe5 Rxe5 35. Bxe5 Nb5 36. Re1 Kg8 37. Re3 ({Don't play} 37. Nxb7 Rxd3 38. Nc5 Rd2+ 39. Re2 Rxe2+ 40. Kxe2 Bc4+ 41. Ke3 Na7 $14) 37... Bg6 $2 {Black cannot hold the game after this.} (37... Re8 $16 38. Nxb7 Be6) 38. Nxb7 Rxd3 (38... Rf8+ $142 39. Kg1 Bf5) 39. Rxd3 $18 Bxd3 {[%mdl 4096] Endgame KBN-KBN} 40. Nc5 $1 {[%csl LRa6,LRd3]} Bc4 41. Nxa6 Nc3 42. Nc5 ({Weaker is} 42. Bxc3 Bxa6 43. Ke3 c5 44. bxc5 Bb7 $18) 42... Nd5 (42... Nb5 $142 43. a6 Kh7) 43. a6 {[%cal Ba5a6,Ba6a7][%mdl 32] White is clearly winning.} Nb6 44. a7 Kf7 45. Bd4 Na8 46. g3 g6 47. Be3 h5 48. Kf3 Bf1 49. h4 Bb5 50. Kf4 Nc7 51. Ke5 {Weighted Error Value: White=0.10 (very precise) /Black=0.31} 1-0

[Event "Charity Cup MCCT Prel 2022"]
[Site "Online"]
[Date "2022.03.15"]
[Round "6.7"]
[White "Ding, Liren"]
[Black "Rapport, Richard"]
[Result "0-1"]
[WhiteElo "2799"]
[BlackElo "2762"]
[Annotator "TA"]
[PlyCount "58"]
[EventDate "2022.03.18"]
[EventType "tourn"]
[EventCountry "NET"]
[SourceTitle "playchess.com"]
[Source "ChessBase"]
[SourceQuality "1"]

{[%evp 16,58,22,1,4,0,0,-25,28,4,23,16,49,-26,-29,-92,-74,-84,-56,-122,-134,-118,-120,-112,-131,-136,-108,-123,-129,-81,-50,-112,-97,-205,-207,-356,-342,-350,-352,-499,-484,-712,-469,-1617,-1589]} 1. d4 d6 2. Nf3 Nf6 3. c4 g6 4. g3 Bg7 5. Bg2 O-O 6. O-O Bf5 7. Re1 Nc6 8. Nc3 Ne4 9. Nd5 {9.Nd5 is better than 9.Nh4.} Bd7 {E62: King's Indian: Fianchetto: 6...c6 and Panno Variation (6...Nc6) without ...a6.} 10. Qc2 f5 11. Rd1 a5 (11... e6 $142 12. Nc3 Nxc3 13. bxc3 Na5) 12. Be3 a4 {[#]} 13. h4 $146 ({Predecessor:} 13. Nd2 Nxd2 14. Qxd2 a3 15. b4 e6 16. b5 Na5 17. Bg5 Qb8 18. Ne7+ Kh8 19. Rac1 {0-1 (38) Anic,D (2403)-Martic,Z (2303) Bol 2014}) 13... h6 14. a3 ({Better is} 14. Nd2 $14) 14... Na5 $11 15. Rd3 (15. Rab1 $11 {keeps the balance.}) 15... e6 $17 16. Nf4 g5 {[#] Strongly threatening ...Nb3.} 17. Ng6 (17. Nh5 $15) 17... Rf6 18. h5 Rf7 19. Rad1 Qe8 20. g4 Nf6 ({But not} 20... fxg4 $6 21. Nfe5 dxe5 22. Bxe4 $11) 21. Bxg5 hxg5 22. Nxg5 {Black must now prevent gxf5.} Nxg4 23. Rg3 ({White should play} 23. Nxf7 $15 Qxf7 24. Rh3) 23... Rf6 24. d5 {[#] Inhibits Nc6.} (24. e4 $17 Rxg6 25. hxg6 Qxg6 26. f4) 24... e5 $1 $19 {[%cal Be6e5,Be5e4][%mdl 32]} 25. Bh3 (25. Ne6 $142 Bxe6 26. dxe6) 25... Nb3 26. e3 Nc5 {[%cal Bb3c5,Bc5d3,Bd3e1][%mdl 32]} 27. Kg2 (27. Ne6 $142 Nxe6 28. dxe6 Bxe6 29. Re1) 27... e4 {Black is clearly winning.} 28. Rd4 (28. Kf1 $142) 28... Nd3 29. Bxg4 (29. Rxd3 $142 exd3 30. Qxd3) 29... Ne1+ {Weighted Error Value: White=0.78/Black=0.20 (precise)} 0-1

[Event "Charity Cup MCCT Prel 2022"]
[Site "Online"]
[Date "2022.03.15"]
[Round "6.8"]
[White "Carlsen, Magnus"]
[Black "Navara, David"]
[Result "0-1"]
[WhiteElo "2865"]
[BlackElo "2700"]
[Annotator "TA"]
[PlyCount "88"]
[EventDate "2022.03.18"]
[EventType "tourn"]
[EventCountry "NET"]
[SourceTitle "playchess.com"]
[Source "ChessBase"]
[SourceQuality "1"]

{[%evp 9,88,15,22,11,16,9,10,0,13,13,12,14,12,12,8,5,13,11,13,12,8,11,17,16,8,-24,-14,-25,16,-91,-102,-93,-81,-100,-92,-111,-83,-112,-95,-90,-79,-85,-68,-61,-55,-35,-10,-17,-21,-21,-20,-22,-5,-16,0,-100,-93,-95,-86,-150,-137,-130,-120,-114,-123,-104,-65,-133,-149,-254,-187,-258,-250,-602,-567,-599,-584,-29992,-29993,-29993,-29994]} 1. e4 {Mueller,Karsten} e5 2. Nf3 Nc6 3. Bb5 Nf6 4. d3 Bc5 5. Bxc6 dxc6 6. Nbd2 {[%cal Bb1d2,Bd2c4,Bc4a5][%mdl 32] C65: Ruy Lopez: Berlin Defence (3...Nf6), unusual lines and 4 0-0 Bc5.} Nd7 $1 {[%mdl 4] 6...Nd7 is a critical line.} 7. Nc4 f6 8. Bd2 {[#] The position is equal.} Nb6 $146 ({Predecessor:} 8... Nf8 9. b4 Be7 10. Nh4 g6 11. O-O Ne6 12. g3 O-O 13. Ng2 b6 14. Kh1 c5 {½-½ (66) Firouzja,A (2703)-Ding,L (2836) chess24.com INT 2020 CBM 196 Extra [Mueller,Karsten]}) 9. Na5 Qe7 10. a3 Bd6 11. Be3 c5 12. Nd2 O-O 13. O-O Rb8 14. c3 Kh8 15. b4 Bd7 16. Qc2 Na4 17. bxc5 Nxc5 18. d4 Ba4 (18... Na4 $142) 19. Qa2 (19. Qb1 $11 {remains equal.} Ne6 20. Nac4) 19... exd4 $17 20. Bxd4 b6 (20... Nxe4 {keeps more tension.} 21. Rfe1 f5 22. Nac4 c5 23. Nxd6 Qxd6 24. Be3 b6) 21. Nac4 Bf4 {This bishop pair is nice.} ({But not} 21... Nxe4 $6 22. Rfe1 f5 23. Nxd6 Qxd6 24. Nxe4 fxe4 25. Rxe4 $11) 22. g3 {Strongly threatening Bxc5.} Bxd2 23. Nxd2 Rfd8 ({Don't take} 23... Nxe4 24. Rfe1 $16) 24. Rfe1 Nd3 {Inhibits e5.} 25. Re3 {[#]} Nxf2 26. Kxf2 c5 27. Qc4 Qe8 {Hoping for ...Rbc8.} 28. Nf3 $1 {[%cal Od4f6]} cxd4 29. cxd4 Rbc8 {[%cal Bb8c8,Bc8c2,Bc2b2][%mdl 32]} 30. Qd3 Rc2+ 31. Kg1 $1 Rdc8 32. Rae1 (32. e5 $1 $11) 32... Bb5 33. Qd1 Qd7 {Threatens to win with ...Ra2. Black is much more active.} 34. d5 ({White should try} 34. e5) 34... Rb2 {And now ...Rcc2 would win.} 35. e5 Qh3 {[%csl Gb2][%cal Rh3g2]} 36. Nd2 {[#]} fxe5 $1 37. Rxe5 {[%cal Od1f3]} h6 $40 {[%mdl 128] Black has some attack.} 38. d6 (38. a4 $1 $15 Bd7 39. Qe2) 38... Bc6 {[%csl Gc6][%cal Rh3g2]} 39. Qe2 {To avoid Qg2+} (39. R5e2 $17) 39... Rd8 40. Re6 (40. Qf2 $142) 40... Qf5 $19 {aiming for ...Qd5.} 41. Re5 {Prevents Qd5.} (41. Rc1 Bb7 42. Re8+ Rxe8 43. Qxe8+ Kh7 44. Qe2) 41... Qf6 42. Qd3 {[%cal Od6d7]} Rf8 {[%csl Gf8][%cal Rf6f2]} (42... Rxd6 $2 {[#] gets mated.} 43. Re8+ $1 {[%mdl 512]} Bxe8 44. Rxe8+) 43. Qd4 {[#] To avoid Qf2+} Rxd2 {[%mdl 512]} 44. Qxd2 Qf3 {Weighted Error Value: White=0.45/Black=0.10 (very precise)} 0-1